Detalles MARC
| 000 -LEADER |
| fixed length control field |
01952nam a2200421Ii 4500 |
| 001 - CONTROL NUMBER |
| control field |
DIGUANDES091 |
| 003 - CONTROL NUMBER IDENTIFIER |
| control field |
NyNyDIG |
| 008 - FIXED-LENGTH DATA ELEMENTS--GENERAL INFORMATION |
| fixed length control field |
160406e200907 ck ob 000 0 spa d |
| 006 - FIXED-LENGTH DATA ELEMENTS--ADDITIONAL MATERIAL CHARACTERISTICS |
| fixed length control field |
m o d |
| 007 - PHYSICAL DESCRIPTION FIXED FIELD--GENERAL INFORMATION |
| fixed length control field |
cr ||||||||||| |
| 020 ## - INTERNATIONAL STANDARD BOOK NUMBER |
| Canceled/invalid ISBN |
9789586953788 |
| 020 ## - INTERNATIONAL STANDARD BOOK NUMBER |
| Canceled/invalid ISBN |
9586953785 |
| 035 ## - SYSTEM CONTROL NUMBER |
| System control number |
(OCoLC)932301996 |
| 040 ## - CATALOGING SOURCE |
| Original cataloging agency |
DGITA |
| Language of cataloging |
eng |
| Description conventions |
rda |
| -- |
pn |
| Transcribing agency |
DGITA |
| 043 ## - GEOGRAPHIC AREA CODE |
| Geographic area code |
f-sa--- |
| 050 14 - LIBRARY OF CONGRESS CALL NUMBER |
| Classification number |
DT1757 eBook |
| 100 1# - MAIN ENTRY--PERSONAL NAME |
| Personal name |
Castillejo Cuéllar, Alejandro, |
| Dates associated with a name |
1967- |
| Relator term |
author. |
| 245 14 - TITLE STATEMENT |
| Title |
Los archivos del dolor : |
| Remainder of title |
ensayos sobre la violencia y el recuerdo en la Sudáfrica contemporánea / |
| Statement of responsibility, etc. |
Alejandro Castillejo Cuéllar. |
| 250 ## - EDITION STATEMENT |
| Edition statement |
Primera edición. |
| 264 #1 - PRODUCTION, PUBLICATION, DISTRIBUTION, MANUFACTURE, AND COPYRIGHT NOTICE |
| Place of production, publication, distribution, manufacture |
Bogotá, D.C., Colombia : |
| Name of producer, publisher, distributor, manufacturer |
Universidad de los Andes, Facultad de Ciencias Sociales, Departamento de Antropología : |
| -- |
Ediciones Uniandes, |
| Date of production, publication, distribution, manufacture, or copyright notice |
julio de 2009. |
| 300 ## - PHYSICAL DESCRIPTION |
| Extent |
1 online resource |
| 336 ## - CONTENT TYPE |
| Content type term |
text |
| Content type code |
txt |
| Source |
rdacontent |
| 337 ## - MEDIA TYPE |
| Media type term |
computer |
| Media type code |
c |
| Source |
rdamedia |
| 338 ## - CARRIER TYPE |
| Carrier type term |
online resource |
| Carrier type code |
cr |
| Source |
rdacarrier |
| 504 ## - BIBLIOGRAPHY, ETC. NOTE |
| Bibliography, etc. note |
Includes bibliographical references. |
| 588 0# - SOURCE OF DESCRIPTION NOTE |
| Source of description note |
Online resource; title from PDF title page (Digitalia, viewed April 6, 2016) |
| 610 10 - SUBJECT ADDED ENTRY--CORPORATE NAME |
| Corporate name or jurisdiction name as entry element |
South Africa. |
| Subordinate unit |
Truth and Reconciliation Commission. |
| 650 #0 - SUBJECT ADDED ENTRY--TOPICAL TERM |
| Topical term or geographic name entry element |
Violence |
| Geographic subdivision |
South Africa |
| General subdivision |
History |
| Chronological subdivision |
20th century. |
| 650 #0 - SUBJECT ADDED ENTRY--TOPICAL TERM |
| Topical term or geographic name entry element |
Apartheid |
| Geographic subdivision |
South Africa |
| General subdivision |
Psychological aspects. |
| 651 #0 - SUBJECT ADDED ENTRY--GEOGRAPHIC NAME |
| Geographic name |
Gugulethu (Cape Town, South Africa) |
| General subdivision |
History |
| Chronological subdivision |
20th century. |
| 655 #0 - INDEX TERM--GENRE/FORM |
| Genre/form data or focus term |
Electronic books. |
| 776 08 - ADDITIONAL PHYSICAL FORM ENTRY |
| Relationship information |
Print version: |
| Main entry heading |
Castillejo Cuéllar, Alejandro, 1967- |
| Title |
Archivos del dolor. |
| Place, publisher, and date of publication |
Bogotá, D.C., Colombia : Universidad de los Andes, Facultad de Ciencias Sociales, Departamento de Antropología : Ediciones Uniandes, 2009. |
| International Standard Book Number |
9789586953788 |
| Record control number |
(OCoLC)612236219 |
| 793 0# - |
| -- |
Digitalia eBook Collection: |
| -- |
Universidad de los Andes |
| 791 2# - |
| -- |
Digitalia (Firm), |
| -- |
distributor. |
| 856 40 - ELECTRONIC LOCATION AND ACCESS |
| Materials specified |
Digitalia Hispánica |
| Uniform Resource Identifier |
<a href="https://www.digitaliapublishing.com/a/40109/">https://www.digitaliapublishing.com/a/40109/</a> |
| 910 ## - USER-OPTION DATA (OCLC) |
| User-option data |
Premium Collection: 2016 |
| 942 ## - ADDED ENTRY ELEMENTS (KOHA) |
| Koha item type |
Recurso Electrónico |